| 000 | 00727nam a22002417a 4500 | ||
|---|---|---|---|
| 003 | DO-SdBNP | ||
| 005 | 20210914144854.0 | ||
| 007 | ta | ||
| 008 | 210914b 2018 pr 00| 0 eng d | ||
| 020 | _a9789945608144 | ||
| 040 |
_aDO-SdBNP _bspa _cBNPHU |
||
| 082 | 4 | _2BNPHU | |
| 100 | 1 |
_aMarzán Ramos, Jaime L. _966018 |
|
| 245 | 1 |
_aTocado por el fuego : _buna novela histórica de autoficción / _cJaime L. Marzán Ramos |
|
| 260 |
_aSanto Domingo : _bIsla Negra, _c2018. |
||
| 300 |
_a138 p. ; _c22 cm. |
||
| 490 | 1 | _aLa montaña de papel | |
| 500 | _aIncluye datos biográficos del autor en las solapas | ||
| 590 | _aInventariado, 2021/BT | ||
| 830 | 0 |
_nLa montaña de papel _91186 |
|
| 910 | _aBtavárez | ||
| 942 |
_2ddc _cLBS1 |
||
| 999 |
_c50501 _d50501 |
||